00864nam a2200253 a 450000100060000000300080000600500170001400800410003102000150007203500190008704000310010604100080013708200220014510000260016724500740019325000130026726000400028030000210032050400410034165000530038294200120043599900170044795201460046434295BD-RjUL20211209052133.0140515t19821977enk b 001 0 eng d a0422783404 a(BD-RjUL)34389 aLCbengcLCdXNTUdBD-RjUL aeng04a309.263bLOI 19821 aLong, Norman.910426513aAn introduction to the sociology of rural development /cNorman Long. aELBS ed. aLondon :bTavistock,cc1977 [1982]. a221 p. ;c22 cm. aBibliography: p. 202-215and indexes. 0aRural developmentxSociological aspects.9104266 2ddccBK c34295d34295 00102ddc40718NFICaRUCLbRUCLcReadingd1987-01-13eBritish Council, Gift.l0o309.263 LOI 1982r2014-05-15 00:00:00tC-1w2014-05-15yBK